| 000 | 00410nam a2200169Ia 4500 | ||
|---|---|---|---|
| 003 | STCL | ||
| 008 | 181203s9999 xx 000 0 und d | ||
| 020 | _a9780674724693 | ||
| 040 |
_aSTCL _bEN _cSTCL |
||
| 082 | _222 | ||
| 100 | _aBronte, Emily | ||
| 245 | 4 | _aThe Annotated Wuthering Heights | |
| 260 |
_bHarvard University Press _aCambridge _c2014 |
||
| 300 | _a454 | ||
| 546 | _aEnglish | ||
| 942 |
_2ddc _cBK |
||
| 999 |
_c86880 _d86880 |
||